Quizzes
Events
Quiz Creation
Community
Videos
Private Events
Remove Ads
Sign In
Join for FREE
Feedback
Dark Mode
Quiz Categories
Sports
Geography
Music
Movies
Television
Just For Fun
Miscellaneous
History
Literature
Language
Science
Gaming
Entertainment
Religion
Holiday
For Kids
Quiz Lab
Recent
Popular Today
Quiz Kudos Today
Editor Picks
Curator Picks
Quizzes by...
Day
Popularity
Type
Ratings
Length
Year
Community
Subscriptions
Recent Discussions
Orange Saloon
Badges
Playlists
Quests
Create
Leaderboards
Showdown
Live 5
Trivia Bingo
Activity
Puzzle Library
Sporcle Events
Private Events
Virtual Trivia
Globe League
Become a Host
Pub Owners
SporcleCon
Opinionation
Our Games
Videos
Blog
Mobile Apps
Partnerships
Remove Ads and Go Orange
Feedback
Language
Vocabulary
Begins and Ends
Definition
Spanish
French
German
Italian
Chinese
Latin
Translation
Japanese
Language
Vocabulary
Begins and Ends
Definition
Spanish
French
German
Italian
Chinese
Latin
Translation
Japanese
Random Quiz
Search Sporcle
×
Quiz Lab
Quiz Lab
Language
Entry
Type in answers that appear in a list
Type in answers that appear in a list
Classic
Best Score? Go Orange.
First 200 Z words in the Oxford English Dictionary Stats
Can you name the first 200 Z entries in the Oxford English Dictionary Online Edition?
By
jakespooky
20m
200 Questions
165 Plays
165 Plays
165 Plays
Comments
Comments
Give Quiz Kudos
Give Quiz Kudos
-
- Ratings
hide this ad
More Info
Replay
Link that replays current quiz
Next Quiz
Link to next quiz in quiz playlist
You Got
0%
They Got
Avg Score
8%
Avg Friend Score
Upgrade to see
Score Distribution
Jump to the score distribution portion of the page
Score
0/200
Timer
20:00
0
Plays Today
% Correct
Z
100%
za
98.8%
zap
72.1%
zac
70.9%
zed
68.5%
zag
65.5%
zebra
64.2%
zad
63%
Zar
63%
Zen
61.8%
zat
58.2%
zee
58.2%
zea
57%
Zep
49.7%
zel
47.9%
zeal
46.1%
zest
43.6%
zany
40%
zero
36.4%
zappe
31.5%
zek
31.5%
zesty
29.1%
zealous
26.1%
zapper
22.4%
zephyr
22.4%
zealot
21.8%
zapping
18.8%
zenith
17.6%
zeno-
14.5%
Zeppelin
14.5%
zappy
13.9%
zebu
13.9%
zaire
13.3%
zari
11.5%
zazzy
9.7%
zeep
9.7%
Zeus
9.7%
zeta
9.1%
zambo
8.5%
Zamboni
8.5%
zeroing
8.5%
zester
8.5%
zarf
7.3%
zealotry
7.3%
zealously
7.3%
zander
6.7%
Zend
6.7%
Zande
6.1%
Zarp
6.1%
zaftig
5.5%
Zeitgeist
5.5%
zealousness
4.8%
zeze
4.8%
zho
4.8%
zaim
4.2%
Zante
4.2%
zabaglione
3.6%
zabra
3.6%
zealousy
3.6%
zeme
3.6%
zebroid
3%
zeroth
3%
zaffre
2.4%
Zambian
2.4%
Zapata
2.4%
zein
2.4%
zeugma
2.4%
% Correct
'zackly
1.8%
Zairean
1.8%
Zairese
1.8%
zawn
1.8%
zendo
1.8%
Zairois
1.2%
zakat
1.2%
Zamia
1.2%
Zarathustrian
1.2%
zarzuela
1.2%
zazen
1.2%
zedonk
1.2%
Zener
1.2%
zeolite
1.2%
zeroize
1.2%
zabernism
0.6%
zabuton
0.6%
Zadokite
0.6%
zadruga
0.6%
zagaie
0.6%
Zaghlulist
0.6%
zaguan
0.6%
Zahal
0.6%
zaibatsu
0.6%
Zaidi
0.6%
zaikai
0.6%
zaitech
0.6%
Zakka Khel
0.6%
zakuska
0.6%
zalambdodont
0.6%
zalcitabine
0.6%
zamacueca
0.6%
Zamak
0.6%
zamang
0.6%
zamarra
0.6%
Zamazim
0.6%
zambra
0.6%
zanyism
0.6%
Zanzibari
0.6%
Zapatist
0.6%
zapote
0.6%
zatch
0.6%
zayde
0.6%
zeagonite
0.6%
Zealander
0.6%
zeatin
0.6%
zebrina
0.6%
zecchin
0.6%
Zelig
0.6%
zelotic
0.6%
zenography
0.6%
zeppole
0.6%
zetetic
0.6%
Zeuxis
0.6%
zeuxite
0.6%
zambuk
0%
zamorin
0%
zampino
0%
zampogna
0%
zampone
0%
Zamzummim
0%
zanella
0%
Zantedeschia
0%
zapateado
0%
Zapatism
0%
Zapatismo
0%
Zapotec
0%
% Correct
zaptieh
0%
zaratite
0%
zarcole
0%
zarda
0%
zardozi
0%
zariba
0%
zarnich
0%
zawiya
0%
zayat
0%
zearalanol
0%
zearalenone
0%
zeaxanthin
0%
Zebedist
0%
zebrano
0%
zebrule
0%
Zechstein
0%
zedoary
0%
Zeeman
0%
zegedine
0%
zeilanite
0%
Zeiss
0%
zeitgeber
0%
zelant
0%
zelator
0%
zelatrice
0%
Zeldovich
0%
zelkova
0%
zelotism
0%
zelotypia
0%
zembletee
0%
Zemblian
0%
zemindar
0%
zemindary
0%
zemirah
0%
zemni
0%
Zemsky Sobor
0%
zemstvo
0%
zenana
0%
zendalet
0%
Zend-Avesta
0%
Zendik
0%
Zengakuren
0%
zenick
0%
zenithal
0%
Zenker
0%
zenocratically
0%
Zenonian
0%
zenzic
0%
Zephiran
0%
Zéphirine Drouhin
0%
zephyranth
0%
zeranol
0%
zerda
0%
zeroable
0%
zerovalent
0%
zerumbet
0%
Zetland
0%
Zeuglodon
0%
zeugmatography
0%
zeunerite
0%
Zhdanovism
0%
zhoosh
0%
zhuyin zimu
0%
ziamet
0%
ziarat
0%
zibeline
0%
Quiz Playlist
Details
Report
Send in Message
Add To Playlist
More Info:
Exactly what it says. Includes proper nouns and derivatives.
Classic:
Type in answers that appear in a list
Quiz Source
Last Updated: Feb 16, 2017
Quiz Scoreboard
CHALLENGE
Sign Up to Join the Scoreboard
Show All
Scores
Hide
Comments
May contain spoilers
Recently Published
An Introduction to Baseball
by treessimontrees
Sports
5m
Movies - When Are They Set?
by FPL_Elf
Movies
5m
Popular People in 1961
by mucciniale
History
6m
More to Explore
Quiz From the Vault
Featured Blog Post
Where Did the Easter Bunny Come From?
hide this ad
You Might Also Like...
Tags
200
Dictionary
Edition
English
Entry
online
Oxford
Oxford English
Today's Top Quizzes in Language
Browse Language
hide this ad
Today's Top Quizzes in Entry
Browse Entry
Top Contributed Quizzes in Language
1
1-10 Letter F Words III
2
Order Up: Top 10 Most Native Spoken Languages
3
1-10 Letter G Words III
4
1-10 Letter H Words III
5
One Thing in Common: Italy
6
1-10 Letter I Words III
7
Weisst du, aus welchen Sprachen diese Wörter stammen?
8
1-10 Letter J Words III
9
Begins and Ends With AN
10
Hiragana Speed Reading
Explore More
Trending Topics
Anime
Marvel
Disney
Crossword
Harry Potter
NBA
Kpop
NFL
The Office
Puzzle
Pokémon
Song
Soccer
WWE
Country
hide this ad
More By:
jakespooky
Quiz
Plays
Rating
Category
Featured
Created
Dr. Seuss or Dr. Suess?
440
3.71
Literature
May 5, 2014
Sparrows of Eastern North America
285
5.00
Miscellaneous
Jul 20, 2013
Novelists by novel
204
4.33
Literature
Apr 1, 2011
First 200 Z words in the Oxford English Dictionary
165
5.00
Language
May 3, 2011
All 135 X Words
54
4.50
Language
Feb 4, 2012
Go to Creator's Profile
Score Distribution
Quiz Creator Spotlight
jakespooky
Follow
Send a Message
Quizzes Created
-
Created Quiz Play Count
-
More By This Creator
Popular Quizzes Today
1
Find the Countries of Europe - No Outlines Minefield
2
Find the US States - No Outlines Minefield
3
The Countries of the World
4
Popular People in 1961
5
US States
6
Find the US States
7
1-10 Letter E Words III
8
Risky Map Clicking: Biggest States A-Z
More Language Quizzes
Triple E
Published
Trending Quizzes
Risky Map Clicking: Least Populous States A-Z
1-10 Letter F Words
1-10 Letter G Words
One Thing in Common: United Kingdom
Risky Map Clicking: Next State Alphabetically
Recently Updated
Leaping Animals
pecheneg
Reality TV Shows (A-Z)
bhenderson79
Rickey Henderson's Hall of Fame Teammates
pecheneg
Champions League XIs: Arsenal
pecheneg
Quick Pick: Celebrities in WWE's Hall of Fame
aduchscher
A-Z Keypad Blitz II
pecheneg
Multiple Oscar Actors
pecheneg
Mystery Phrase Blitz: Oscar 'Best Actors'
pecheneg
F. Scott Fitzgerald Novels
LTH
Pick 3 Villains
ddd62291
Trending Topics
Harry Potter
Anime
Disney
Marvel
Crossword
NBA
Kpop
Country
Puzzle
Song
Pokémon
The Office
Soccer
NFL
WWE
Your Account Isn't Verified!
In order to create a playlist on Sporcle, you need to verify the email address you used during registration. Go to your
Sporcle Settings
to finish the process.
Report this User
Report this user for behavior that violates our
Community Guidelines
.
Details:
Send Report
Go to the Sporcle.com Mobile Site →
Comments